[Event "GRE-chT 46th"]
[Site "Rio Achaia"]
[Date "2018.07.11"]
[Round "3.6"]
[White "Psofimi, Milia"]
[Black "Anthopoulou, Ioanna"]
[Result "1-0"]
[WhiteElo "1580"]
[BlackElo "1359"]
[PlyCount "89"]
[EventDate "2018.07.10"]
[EventType "team"]
[EventRounds "7"]
[EventCountry "GRE"]
[SourceTitle "CBM 185 Extra"]
[Source "ChessBase"]
[SourceDate "2018.07.29"]
[SourceVersion "1"]
[SourceVersionDate "2018.07.29"]
[SourceQuality "1"]
[WhiteTeam "Piraikos"]
[BlackTeam "Sea of Corinth Argonaut"]
[WhiteTeamCountry "GRE"]
[BlackTeamCountry "GRE"]

1. e4 e5 2. Nf3 Nc6 3. Bb5 a6 4. Ba4 Nf6 5. d3 Be7 6. Bxc6 bxc6 7. Nxe5 Bb7 8. 0-0 d6 9. Nf3 0-0 10. Nc3 d5 11. exd5 cxd5 12. d4 c6 13. Re1 Qc7 14. Bg5 Rfe8 15. Ne5 Rad8 16. Ne2 h6 17. Bxf6 Bxf6 18. Nf3 Bc8 19. c3 Qd6 20. Qd3 h5 21. Ng3 g6 22. Rxe8+ Rxe8 23. Re1 Rxe1+ 24. Nxe1 h4 25. Nf1 c5 26. dxc5 Qxc5 27. Nf3 Qc4 28. Qxc4 dxc4 29. Ne3 Be6 30. Nd2 Kf8 31. Ndxc4 Bxc4 32. Nxc4 Ke7 33. Kf1 Ke6 34. Ke2 Kd5 35. Kd3 Kc5 36. Nd2 Be7 37. Nf3 f6 38. Nxh4 g5 39. Nf5 Bf8 40. b4+ Kc6 41. a4 Kb6 42. Kc4 Kc6 43. Nd4+ Kb6 44. Kd5 Kb7 45. Ke6 1-0

[Event "GRE-ch U16 Girls"]
[Site "Porto Rio"]
[Date "2016.06.30"]
[Round "4"]
[White "Petraki, Argiro"]
[Black "Anthopoulou, Ioanna"]
[Result "1-0"]
[WhiteElo "1471"]
[BlackElo "1376"]
[PlyCount "37"]
[EventDate "2016.06.28"]
[EventType "swiss"]
[EventRounds "9"]
[EventCountry "GRE"]
[SourceTitle "CBM 173 Extra"]
[Source "ChessBase"]
[SourceDate "2016.08.29"]
[SourceVersion "1"]
[SourceVersionDate "2016.08.29"]
[SourceQuality "1"]

1. e4 e5 2. Nf3 Nc6 3. d4 exd4 4. Nxd4 Nf6 5. Nxc6 bxc6 6. e5 Nd5 7. c4 Nb6 8. b3 Bb4+ 9. Nd2 Bc3 10. Rb1 Bxe5 11. Bd3 Qe7 12. 0-0 0-0 13. Re1 Qf6 14. Qh5 Bxh2+ 15. Qxh2 h6 16. Ne4 Qd4 17. Qg3 Kh8 18. Bb2 Qxb2 19. Rxb2 1-0

[Event "GRE-chT 43rd"]
[Site "Porto Rio"]
[Date "2015.10.09"]
[Round "3.3"]
[White "Anthopoulou, Ioanna"]
[Black "Vozinaki, Anthi Maria"]
[Result "0-1"]
[WhiteElo "1269"]
[BlackElo "1811"]
[PlyCount "76"]
[EventDate "2015.10.08"]
[EventType "team-swiss"]
[EventRounds "7"]
[EventCountry "GRE"]
[SourceTitle "CBM 168 Extra"]
[Source "ChessBase"]
[SourceDate "2015.10.29"]
[SourceVersion "1"]
[SourceVersionDate "2015.10.29"]
[SourceQuality "1"]
[WhiteTeam "Papagou"]
[BlackTeam "Chania ADA"]
[WhiteTeamCountry "GRE"]
[BlackTeamCountry "GRE"]

1. e4 c5 2. Nf3 e6 3. b3 b6 4. c4 Bb7 5. Nc3 Nc6 6. Bb2 d6 7. g3 Nf6 8. Bg2 Be7 9. 0-0 h5 10. d3 Nd4 11. Re1 Nd7 12. Ne2 e5 13. Nexd4 cxd4 14. Bc1 h4 15. Qe2 hxg3 16. fxg3 Nf8 17. Rf1 Bc8 18. Qf2 Be6 19. Bd2 Nh7 20. Rac1 Ng5 21. Nxg5 Bxg5 22. Bxg5 Qxg5 23. Rc2 Kd7 24. b4 Rac8 25. Rfc1 Rh6 26. c5 dxc5 27. bxc5 bxc5 28. Rb1 Rc7 29. Rcb2 Rh8 30. h4 Qh6 31. Kh2 g5 32. Bh3 Kd6 33. Bxe6 fxe6 34. Kh3 gxh4 35. gxh4 Rch7 36. Rb3 Qg5 37. Qg3 Rxh4+ 38. Kg2 Rh2+ 0-1

[Event "GRE-ch U14 Girls"]
[Site "Greece"]
[Date "2014.07.10"]
[Round "9"]
[White "Anthopoulou, Ioanna"]
[Black "Pasoglou, Ekaterini"]
[Result "0-1"]
[WhiteElo "1317"]
[BlackElo "1612"]
[PlyCount "70"]
[EventDate "2014.07.04"]
[EventType "swiss"]
[EventRounds "9"]
[EventCountry "GRE"]
[SourceTitle "EXT 2017"]
[Source "ChessBase"]
[SourceDate "2016.10.25"]
[SourceVersion "1"]
[SourceVersionDate "2016.10.25"]
[SourceQuality "1"]

1. e4 c5 2. Nc3 Nc6 3. f4 e6 4. Bb5 Nge7 5. Nf3 a6 6. Bxc6 Nxc6 7. d3 Be7 8. 0-0 d5 9. Qe1 0-0 10. Qg3 d4 11. Nd1 Nb4 12. Rf2 b5 13. Re2 c4 14. dxc4 bxc4 15. a3 Nc6 16. Ne5 Nxe5 17. fxe5 Bh4 18. Qg4 f5 19. exf5 Rxf5 20. Bh6 Qf8 21. h3 Rf1+ 22. Kh2 Be7 23. Qg3 Bc5 24. Rf2 Rxf2 25. Nxf2 Kh8 26. Bf4 Bb7 27. a4 Qf5 28. Qg4 Qxc2 29. Nd1 Rf8 30. Bg5 Qf5 31. Qxf5 Rxf5 32. Bd2 Rxe5 33. Bf4 Re2 34. Kg1 d3+ 35. Kf1 Bxg2# 0-1

[Event "Athens Panellinios op 7th"]
[Site "Athens"]
[Date "2013.02.04"]
[Round "4"]
[White "Koutsidi, Amalia"]
[Black "Anthopoulou, Ioanna"]
[Result "1-0"]
[WhiteElo "1345"]
[BlackElo "1274"]
[PlyCount "120"]
[EventDate "2013.01.14"]
[EventType "swiss"]
[EventRounds "7"]
[EventCountry "GRE"]
[SourceTitle "EXT 2024"]
[Source "ChessBase"]
[SourceDate "2023.10.10"]
[SourceVersion "1"]
[SourceVersionDate "2023.10.10"]
[SourceQuality "1"]

1. e4 e5 2. Nf3 Nc6 3. Nc3 Bc5 4. Nxe5 Bxf2+ 5. Kxf2 Nxe5 6. d4 Ng6 7. Bc4 d6 8. Rf1 N8e7 9. Kg1 0-0 10. Be3 Bd7 11. Qf3 Be6 12. Bxe6 fxe6 13. Qg3 Qd7 14. Rxf8+ Rxf8 15. Rf1 Rxf1+ 16. Kxf1 d5 17. exd5 exd5 18. Qf3 c6 19. Bf2 Qf5 20. Qxf5 Nxf5 21. Ke2 Nf4+ 22. Kf3 Ne6 23. Ne2 Kf7 24. c3 Kf6 25. Nf4 Ng5+ 26. Kg4 g6 27. Nd3 h5+ 28. Kf4 Ne6+ 29. Kf3 Ng5+ 30. Ke2 Ne4 31. g3 g5 32. Ne5 g4 33. Be3 Nxe3 34. Kxe3 Kf5 35. Nd7 Ke6 36. Nc5+ Nxc5 37. dxc5 Kf5 38. Kd4 Ke6 39. b4 b6 40. cxb6 axb6 41. a4 Kd6 42. a5 bxa5 43. bxa5 c5+ 44. Ke3 Kc6 45. Kf4 Kb5 46. a6 Kxa6 47. Ke5 d4 48. cxd4 c4 49. Ke4 Kb5 50. d5 Kb6 51. Kd4 c3 52. Kxc3 Kc5 53. d6 Kxd6 54. Kd4 Ke6 55. Ke4 Kf6 56. Kf4 Kg6 57. Ke5 Kg5 58. Ke6 h4 59. Ke5 h3 60. Ke4 Kg6 1-0

[Event "GRE-ch U18 Girls"]
[Site "Nikaia"]
[Date "2012.01.08"]
[Round "8"]
[White "Anthopoulou, Ioanna"]
[Black "Gavriilidi, Despina"]
[Result "1-0"]
[WhiteElo "1315"]
[BlackElo "1000"]
[PlyCount "43"]
[EventDate "2012.01.03"]
[EventType "swiss"]
[EventRounds "9"]
[EventCountry "GRE"]
[SourceTitle "CBM 146 Extra"]
[Source "ChessBase"]
[SourceDate "2012.02.29"]
[SourceVersion "1"]
[SourceVersionDate "2012.02.29"]
[SourceQuality "1"]

1. d4 c6 2. Nf3 d5 3. Bf4 Nf6 4. e3 Bg4 5. Be2 Nbd7 6. 0-0 e6 7. c4 Rc8 8. a3 Be7 9. Nc3 0-0 10. b4 b6 11. cxd5 exd5 12. Ba6 Ne4 13. Rc1 Bxf3 14. gxf3 Nxc3 15. Rxc3 Bg5 16. Bg3 Qf6 17. Bxc8 Rxc8 18. f4 Bh6 19. Qf3 g6 20. Qg4 Qe6 21. Qxe6 fxe6 22. Rfc1 1-0